000 00921nam a2200241 a 4500
999 _c11559
_d11559
001 11559
003 BD-JhCC
005 20200329105943.0
008 200329s2018 b |||| |||| 000 0 ben d
020 _a9789849234098
035 _a(BD-JhCC)11559
040 _aBD-JhCC
_dBD-JhCC
041 _aben
082 _a928
_bHOS 2018
100 _aহোসেন, কাজী মোতাহার
245 _aপ্রগতি মননের তপস্বী /
_cকাজী মোতাহার হোসেন এবং সম্পাদনায় আবুল আহসান চৌধুরী
260 _aঢাকা :
_bপাঠক সমাবেশ,
_c২০১৮.
300 _a২৭২ পৃ. :
_c২১ সেমি.
600 _aকাজী মোতাহার হোসেন
650 _aBiography
700 _aচৌধুরী, আবুল আহসান
942 _2ddc
_cBK